000 00968cam a22002897a 4500
003 CHAP
005 20220329135904.0
008 971013s r 00010 d
010 _a43803
011 _a44775
035 _a48913
040 _cCHAP
090 _aR-3471
100 0 0 _aCravino, Jorge Luis.
_928847
245 1 4 _aLos predadores de la ganadería
500 _aSobretiro de: Revista Agropecuaria Selección de Temas Agropecuarios Los Recursos Naturales Ciclo Medio Ambiente No. 10: 67-85, 1992
501 _aEnc. con otros impresos similares
590 _aBATCH-UPD
_b10
_c20130109
_lUCH01
_h2322
590 _aBATCH-UPD
_b10
_c20130110
_lUCH01
_h0107
590 _aBATCH-UPD
_b10
_c20130110
_lUCH01
_h2204
590 _aCONVERSION
_b10
_c20130109
_lUCH01
_h1324
650 1 4 _aAnimales depredadores.
_95887
700 0 _aTuset, Rinaldo
_ecomp.
_9115696
901 _aBK
942 _cREIMP
949 _aR-3471
_bBC
_cR
_d-110527
_eTS1
_gI.c/e
_i48913
_si
_t18.00
999 _c43803
_d43803